Evaristo Buendia : (Record no. 111)

000 -CABECERA
fixed length control field 00819nam a22002297a 4500
003 - IDENTIFICADOR DEL NÚMERO DE CONTROL
control field AR-CdUCM
008 - DATOS DE LONGITUD FIJA--INFORMACIÓN GENERAL
fixed length control field 190221b ||||| |||| 00| 0 spa d
040 ## - FUENTE DE LA CATALOGACIÓN
Agencia/entidad que catalogó originalmente la obra MUNICIPALIDAD PROVINCIAL DEL CUSCO
Entidad que transcribió la catalogación BIBLIOTECA MUNICIPAL DEL CUSCO
082 ## - NÚMERO DE LA CLASIFICACIÓN DECIMAL DEWEY
No. de Clasificación 869.508 /
Notacion interna P91
100 ## - ENTRADA PRINCIPAL--NOMBRE DE PERSONA
Nombre Personal Puente, José Felix de la
245 ## - MENCIÓN DE TÍTULO
Título Evaristo Buendia :
Resto del título candidato /
Mención de responsabilidad Puente, José Felix de la
260 ## - PUBLICACIÓN, DISTRIBUCIÓN, ETC.
Lugar de publicación, distribución, etc. Lima :
Nombre de la editorial, distribuidor, etc. Populibros Peruanos,
300 ## - DESCRIPCIÓN FÍSICA
Nº de Páginas Extensión 240 páginas ;
Dimensiones 17cm.
440 ## - MENCIÓN DE SERIE/PUNTO DE ACCESO ADICIONAL--TÍTULO
Título Populibros peruanos,
Número de la parte/sección de una obra 6a serie
9 (RLIN) 544
505 ## - NOTA DE CONTENIDO CON FORMATO
Nota de contenido formateada Novela en la que se denuncia el armazón artificioso de las instituciones, retratar la vida y paisaje nacional.
650 ## - PUNTO DE ACCESO ADICIONAL DE MATERIA--TÉRMINO DE MATERIA
Descriptor Novelas peruanas.
9 (RLIN) 545
650 ## - PUNTO DE ACCESO ADICIONAL DE MATERIA--TÉRMINO DE MATERIA
Descriptor Costumbres.
9 (RLIN) 230
650 ## - PUNTO DE ACCESO ADICIONAL DE MATERIA--TÉRMINO DE MATERIA
Descriptor Siglo XX.
9 (RLIN) 8
650 ## - PUNTO DE ACCESO ADICIONAL DE MATERIA--TÉRMINO DE MATERIA
Descriptor Perú.
9 (RLIN) 35
942 ## - ELEMENTOS DE PUNTO DE ACCESO ADICIONAL (KOHA)
Fuente de clasificación
Tipo de item Libros-BMC
945 ## - PROCESAMIENTO DE INFORMACIÓN LOCAL (OCLC)
Catalogador dmma
AAAA-MM-DD - Fecha de ingreso o modificacion 2019-02-21
Holdings
Estado de retiro (separado) Fuente de clasificación o esquema de estanterías Estado dañado Ubicación Sala donde se ubica Nombre de la colección Fecha de adquisición o compra Costo, precio normal en soles Signatura topográfica Código de Barras Última vez visto (Koha) Tipo de ítem (Koha)
No     Sala Humanidades Sala Humanidades Book Cart 2019-02-21 20.00 869.508 / P91 / e.2 SH0000000235 2019-02-21 Libros-BMC
No     Sala Humanidades Sala Humanidades Book Cart 2019-02-22 20.00 869.508 / P91 SH0000000138 2019-02-22 Libros-BMC

Powered by Koha